[Event "Interzonal-14c"]
[Site "Zagreb"]
[Date "1987.??.??"]
[Round "1"]
[White "Ehlvest, Jaan"]
[Black "Hulak, Krunoslav"]
[Result "1-0"]
[WhiteElo "2540"]
[BlackElo "2495"]
[Annotator "ChessBase"]
[PlyCount "123"]
[EventDate "1987.08.01"]
[EventType "tourn"]
[EventRounds "17"]
[EventCountry "YUG"]
[EventCategory "12"]
[SourceTitle "CBM 004"]
[Source "ChessBase"]
[SourceDate "1988.06.01"]
[SourceVersion "1"]
[SourceVersionDate "1988.06.01"]
[SourceQuality "1"]

1. d4 Nf6 2. c4 e6 3. Nf3 Bb4+ 4. Bd2 c5 5. Bxb4 cxb4 6. Nbd2 O-O 7. e4 d6 8.
Be2 Qc7 $5 (8... Nbd7) 9. O-O e5 10. c5 dxc5 11. dxe5 Ng4 12. Nh4 Nxe5 13. f4
Nec6 14. e5 Rd8 15. Qe1 Nd4 16. Bd3 Nbc6 17. Ne4 c4 18. Bb1 Bg4 19. Nd6 Be2 $2
(19... Rxd6 $142 $1 20. exd6 Qxd6 $44 {Barlov,D}) 20. Rf2 Bd3 21. Bxd3 cxd3 22.
Qe4 Ne6 23. Nhf5 Nc5 24. Qe3 b6 25. Qg3 f6 26. Re1 Rd7 27. e6 Rxd6 28. e7 g6
29. e8=Q+ Rxe8 30. Rxe8+ Kf7 31. Nxd6+ Qxd6 32. Re1 Nd4 33. Qe3 Qd7 34. Rd1 Nf5
35. Qh3 h5 36. Qf3 a5 37. Rfd2 Qd4+ 38. Kh1 Kg7 39. b3 h4 40. Re1 Qc3 41. Red1
Nd4 42. Qf1 Ne2 43. Rxe2 dxe2 44. Qxe2 h3 45. Kg1 hxg2 46. Kxg2 Kh6 47. Rd8 Qc1
48. Rh8+ Kg7 49. Rh4 Qb1 50. Qe7+ Kg8 51. Qd8+ Kg7 52. Qe7+ Kg8 53. Qe8+ Kg7
54. Qh8+ Kf7 55. Rh7+ Ke6 56. Qc8+ Kd5 57. Qd8+ Kc6 58. Rc7+ Kb5 59. Qe8+ Ka6
60. Qe2+ Qd3 61. Qxd3+ Nxd3 62. f5 1-0

[Event "Interzonal-14c"]
[Site "Zagreb"]
[Date "1987.??.??"]
[Round "13"]
[White "Pinter, Jozsef"]
[Black "Granda Zuniga, Julio E"]
[Result "1/2-1/2"]
[WhiteElo "2575"]
[BlackElo "2525"]
[Annotator "ChessBase"]
[PlyCount "111"]
[EventDate "1987.08.01"]
[EventType "tourn"]
[EventRounds "17"]
[EventCountry "YUG"]
[EventCategory "12"]
[SourceTitle "CBM 004"]
[Source "ChessBase"]
[SourceDate "1988.06.01"]
[SourceVersion "1"]
[SourceVersionDate "1988.06.01"]
[SourceQuality "1"]

1. d4 Nf6 2. c4 e6 3. Nf3 Bb4+ 4. Bd2 c5 5. Bxb4 cxb4 6. g3 O-O 7. Bg2 d6 8.
O-O Re8 $5 9. Nbd2 a5 10. e4 e5 11. a3 Na6 12. h3 b6 13. Re1 Bb7 14. Qc2 Rc8
15. Qd3 Nd7 16. Nh4 $6 (16. Rad1 $142 $5) 16... g6 17. Rad1 bxa3 18. bxa3 exd4
19. Qxd4 Nac5 20. Re3 Qf6 21. Nhf3 Ne5 $13 22. Nh2 Re6 23. Rde1 Ng4 24. Qxf6
Nxf6 25. f3 Rce8 26. Nhf1 Nfd7 27. h4 Ba6 28. Bh3 R6e7 29. Rc3 f5 30. Ree3 fxe4
31. Bxd7 Rxd7 32. Nxe4 Nxe4 33. Rxe4 Rc8 34. Ne3 Bb7 35. Rf4 b5 36. Rd3 bxc4
37. Nxc4 d5 38. Nxa5 Rc1+ 39. Kg2 Rc2+ 40. Kh3 Ba6 41. Rd1 Ra7 42. Nb3 Bc8+ 43.
g4 Rxa3 44. Nd4 Rc4 45. Kg3 Raa4 46. Ne2 Be6 47. Rb1 Ra7 48. Nd4 Bc8 49. Rb8
Rf7 50. Ne6 Rfxf4 51. Nxf4 d4 52. Ra8 Rc6 53. g5 Kf8 54. Ra7 Bf5 55. Rxh7 Rd6
56. h5 1/2-1/2

[Event "Bugojno"]
[Site "Bugojno"]
[Date "1982.05.13"]
[Round "6"]
[White "Kasparov, Garry"]
[Black "Petrosian, Tigran V"]
[Result "1-0"]
[WhiteElo "2640"]
[BlackElo "2605"]
[Annotator "ChessBase"]
[PlyCount "47"]
[EventDate "1982.05.07"]
[EventType "tourn"]
[EventRounds "13"]
[EventCountry "YUG"]
[EventCategory "14"]
[SourceTitle "Kasparov"]
[Source "ChessBase"]
[SourceDate "1999.07.01"]
[SourceVersion "1"]
[SourceVersionDate "2005.01.01"]
[SourceQuality "1"]

1. d4 Nf6 2. c4 e6 3. Nf3 Bb4+ 4. Bd2 Qe7 5. g3 Bxd2+ 6. Qxd2 O-O 7. Bg2 d5 8.
O-O dxc4 9. Na3 c5 10. dxc5 Qxc5 11. Rac1 Nc6 12. Nxc4 Qe7 13. Nfe5 Nxe5 14.
Nxe5 $16 Nd5 15. Rfd1 Nb6 16. Qa5 $1 g6 (16... f6 17. Nc4 Nxc4 18. Rxc4 {+-})
17. Rd3 $1 Nd5 (17... Rd8 18. Qc5 $1 Qxc5 19. Rxd8+ Qf8 20. Rxf8+ Kxf8 21. Rc7
$18) 18. e4 Nb6 $8 {/\ 19.... f6 20.Nc4 Nc4 21.Rc4 b6 22.Qc3 Ba6} (18... Qb4 $2
19. Rxd5) 19. Bf1 $1 Re8 (19... f6 {>=} 20. Nc4 Bd7 21. Nxb6 axb6 22. Qxb6 Bc6
23. a3 {+/-/+-}) 20. Rdd1 $1 Rf8 (20... f6 21. Nc4 Bd7 22. Nxb6 axb6 23. Qxb6
Bc6 24. Bb5 $1 Bxb5 25. Qxb5 $18) 21. a3 $1 Kg7 22. b3 {/\ a4-a5 +-} Kg8 23. a4
Rd8 24. Qc5 $1 (24. Qc5 $1 Qxc5 (24... Qe8 25. Ng4 $1) 25. Rxd8+ Qf8 26. Rxf8+
Kxf8 27. Rc7) 1-0

[Event "Sao Paulo zt"]
[Site "Sao Paulo"]
[Date "1995.??.??"]
[Round "1"]
[White "Correa, Aron Antunes"]
[Black "Milos, Gilberto"]
[Result "0-1"]
[WhiteElo "2345"]
[BlackElo "2560"]
[Annotator "ChessBase"]
[PlyCount "134"]
[EventDate "1995.03.??"]
[EventType "swiss"]
[EventRounds "9"]
[EventCountry "BRA"]
[SourceTitle "CBM 047 Extra"]
[Source "ChessBase"]
[SourceDate "1995.09.01"]
[SourceVersion "1"]
[SourceVersionDate "1995.09.01"]
[SourceQuality "1"]

1. d4 Nf6 2. c4 e6 3. Nf3 Bb4+ 4. Bd2 Qe7 5. g3 Nc6 6. Bg2 Bxd2+ 7. Qxd2 Ne4 8.
Qc2 Qb4+ 9. Nc3 Nxc3 10. Qxc3 Qxc3+ 11. bxc3 d6 12. Nd2 Na5 13. Rb1 Rb8 14. Be4
b6 15. Bd3 Bb7 16. O-O c5 17. f4 Ba6 18. Nb3 Nc6 19. a4 Ke7 20. a5 cxd4 21.
cxd4 bxa5 22. d5 exd5 23. cxd5 Bxd3 24. exd3 a4 25. dxc6 axb3 26. Ra1 Rhc8 27.
Rxa7+ Ke6 28. c7 Rb5 29. Rb1 Kd7 30. Ra3 b2 31. Ra2 Rb3 32. Rbxb2 Rxd3 33. Rc2
Rb3 34. Ra6 Rb5 35. Rcc6 d5 36. Rd6+ Kxc7 37. Rdc6+ Kb7 38. Rxc8 Kxc8 39. Ra8+
Kd7 40. Rg8 g6 41. Rg7 Ke6 42. Rxh7 Rb2 43. Kf1 d4 44. g4 f5 45. h3 d3 46. Ke1
Re2+ 47. Kd1 Rf2 48. Rg7 Kf6 49. Rd7 fxg4 50. hxg4 Rxf4 51. Rxd3 Kg5 52. Rd6
Rxg4 53. Ke2 $1 $10 (53. Ke1 $1 $10) (53. Kd2 $2 Re4 $19) 53... Rf4 54. Ke3 Rf1
55. Ke2 $1 $8 Rf8 56. Rd1 Rf4 57. Ke3 Kf5 58. Rg1 g5 59. Ke2 $4 (59. Rg2 $10) (
59. Rh1 $10) (59. Rd1 $10) (59. Rc1 $10) (59. Rb1 $10) (59. Ra1 $10) 59... g4
$1 $8 60. Rh1 g3 61. Rh8 Kg4 62. Ke3 Rf7 63. Ke2 g2 64. Rg8+ Kh3 $1 65. Rh8+
Kg3 66. Rg8+ Kh2 67. Rh8+ Kg1 (67... Kg1 68. Rh6 Rf5 69. Rh8 Re5+ {
"Brückenbau" oder "Sperre"} 70. Kd2 Kf2 71. Rf8+ Kg3 72. Rg8+ Kh3 73. Rh8+ Kg4
74. Rg8+ Rg5 {Die Verteidigungssperre vor den Schachs ist errichtet.}) 0-1

[Event "New York op"]
[Site "New York"]
[Date "1989.??.??"]
[Round "4"]
[White "Epishin, Vladimir"]
[Black "Arnason, Jon Loftur"]
[Result "1-0"]
[WhiteElo "2465"]
[BlackElo "2550"]
[Annotator "ChessBase"]
[PlyCount "81"]
[EventDate "1989.03.??"]
[EventType "swiss"]
[EventRounds "9"]
[EventCountry "USA"]
[SourceTitle "CBM 012"]
[Source "ChessBase"]
[SourceDate "1989.10.01"]
[SourceVersion "1"]
[SourceVersionDate "1989.10.01"]
[SourceQuality "1"]

1. d4 Nf6 2. c4 e6 3. Nf3 Bb4+ 4. Nbd2 O-O 5. a3 Be7 6. e4 d5 7. Qc2 (7. e5
Nfd7 8. cxd5 exd5 {-> Ruban,V-Ulibin,M/URS-YM Tbilisi/1989/1/2-1/2/45/ CBM 12})
7... dxe4 {7...c5 -> Dreev,A-Oll,L/URS-YM Tbilisi/1989/1/2-1/2/23/ CBM 12} 8.
Nxe4 Nc6 (8... Nbd7 9. Bd3 Nxe4 10. Bxe4 Nf6 11. Bd3 b6 (11... c5 $6 12. dxc5
Bxc5 13. Bg5 Be7 14. O-O $14 {/\ 15.Rad1}) 12. Be3 Bb7 13. O-O-O (13. Ne5 $6 c5
$1 (13... Bxg2 $2 14. Rg1 Bb7 15. Bh6 Qxd4 16. Bxg7 Qxe5+ 17. Kf1 $18) 14.
O-O-O cxd4 15. Bxd4 Qc7 16. f4 Rfd8 $132) 13... Qc8 (13... Bxf3 14. gxf3 g6 15.
Be4 $1 $14) 14. Rhe1 c5 (14... Bxf3 $1) (14... Re8 $2 15. Ne5 c5 16. g4 cxd4
17. Bxd4 h6 18. h4 Rd8 19. g5 $1 Rxd4 20. gxf6 Rxd3 21. fxe7 $1 Rxd1+ 22. Rxd1
Qe8 23. Rd7 Bc6 24. Rc7 Qb8 25. Rxc6 Qxe5 26. Qd3 {1-0; Gurevich,M-Horvath,J/
Budapest/1987/}) 15. Ne5 (15. d5 $5 exd5 16. Bf4 Re8 17. Bf5 Qd8 18. cxd5 $14)
15... cxd4 16. Bxd4 Rd8 17. Bc3 Bxg2 $6 {>= 17...g6} 18. Re3 $1 {N} (18. Rg1 $2
Qb7 19. f3 Bxf3 20. Rdf1 Rxd3 $1 $17 {Gelfand,B-Dimitrov/WchJ Adelaide/1988/})
18... Qb7 19. Rg1 Bf8 $2 (19... g6 $2 20. Nxg6 $1) (19... Rxd3 $5 $44) 20. Rg3
Be4 21. Ng4 $1 Bg6 22. Bxg6 hxg6 23. Bxf6 Rdc8 (23... gxf6 24. Nxf6+ Kh8 25.
Rh3+ Kg7 26. Rxg6+ fxg6 27. Rh7+ $18) 24. Kb1 b5 25. Nh6+ $1 gxh6 26. Rxg6+
fxg6 27. Qxg6+ Bg7 28. Bxg7 Qf7 29. Qxh6 Qf5+ 30. Ka1 Kf7 31. Bc3 Rf8 32. Rg5
Qe4 33. Rg7+ Ke8 34. Qh5+ Kd8 35. Ba5+ {1-0; Gelfand,B-Delchev,A/EU-chJ Arnhem/
1988/}) 9. Bd3 h6 10. Be3 Ng4 11. Rd1 f5 12. Nc3 Bf6 13. O-O Bxd4 14. Bxf5 Rxf5
15. Bxd4 Rxf3 16. gxf3 Nxh2 17. Kxh2 Qh4+ 18. Kg2 Qg5+ 19. Kh1 Qh5+ 20. Kg2
Qg5+ 21. Kh1 e5 22. Be3 Qh5+ 23. Kg1 Bf5 24. Qe2 Qg6+ 25. Kh2 Qh5+ 26. Kg1 Re8
27. f4 Qg6+ 28. Kh2 exf4 29. Rg1 Qf6 30. Qh5 fxe3 31. Qxe8+ Kh7 32. Qxe3 Ne5
33. Rg3 Nxc4 34. Qf4 Nd6 35. Kg1 g5 36. Qd4 Qe6 37. Re3 Qf7 38. Nd5 Kg6 39. Re7
Qf8 40. Rxc7 Be6 41. Ne7+ 1-0

[Event "USA-ch"]
[Site "USA"]
[Date "1988.??.??"]
[Round "?"]
[White "Alburt, Lev O"]
[Black "Wilder, Michael"]
[Result "0-1"]
[WhiteElo "2525"]
[BlackElo "2505"]
[Annotator "ChessBase"]
[PlyCount "54"]
[EventDate "1988.10.??"]
[EventType "tourn"]
[EventRounds "11"]
[EventCountry "USA"]
[EventCategory "12"]
[SourceTitle "CBM 011"]
[Source "ChessBase"]
[SourceDate "1989.08.01"]
[SourceVersion "1"]
[SourceVersionDate "1989.08.01"]
[SourceQuality "1"]

1. d4 Nf6 2. c4 e6 3. g3 Bb4+ 4. Bd2 a5 $5 {4...Qe7} 5. Bg2 d6 6. Nf3 Nbd7 7.
O-O e5 8. Bg5 exd4 9. Nxd4 O-O 10. Qc2 h6 11. Bf4 Ne5 12. Rd1 Ng6 13. Bd2 Re8
14. Nc3 Qe7 15. a3 $6 (15. Nd5 $5 Nxd5 16. cxd5 Bc5 17. Bc3 $16) 15... Bc5 16.
Nb3 $6 Bb6 17. Na4 $2 Ba7 18. c5 $2 {>= 18.Nc3(!)} Bd7 19. Nxa5 $1 Qxe2 20. Nc3
Qh5 21. Nxb7 Ng4 22. h3 Nxf2 23. Kxf2 Bxc5+ 24. Nxc5 Qxc5+ 25. Kf1 Bb5+ 26.
Nxb5 Qxc2 27. Bxa8 Qd3+ 0-1

[Event "Paris FIDE GP"]
[Site "Elancourt"]
[Date "2013.10.02"]
[Round "9"]
[White "Bacrot, Etienne"]
[Black "Wang, Hao"]
[Result "1/2-1/2"]
[WhiteElo "2723"]
[BlackElo "2747"]
[Annotator "ChessBase Website"]
[PlyCount "80"]
[EventDate "2013.09.22"]
[EventType "tourn"]
[EventRounds "11"]
[EventCountry "FRA"]
[EventCategory "20"]
[SourceTitle "CBM 157"]
[Source "ChessBase"]
[SourceDate "2013.11.12"]
[SourceVersion "1"]
[SourceVersionDate "2013.11.12"]
[SourceQuality "1"]
[TimeControl "40/7200:20/3600:900+30"]
[WhiteClock "2:00:00"]
[BlackClock "2:00:00"]

1. d4 {[%emt 0:00:03]} Nf6 {[%emt 0:00:44]} 2. c4 {[%emt 0:00:08]} e6 {[%emt 0:
00:05]} 3. Nf3 {[%emt 0:00:06]} Bb4+ {[%emt 0:01:27]} 4. Bd2 {[%emt 0:00:08]}
Bxd2+ {[%emt 0:00:07]} 5. Qxd2 {[%emt 0:00:30]} d5 {[%emt 0:00:22]} 6. g3 {
[%emt 0:01:03]} O-O {[%emt 0:00:18]} 7. Bg2 {[%emt 0:00:19]} Nbd7 {[%emt 0:00:
39]} 8. O-O {[%emt 0:02:59]} c6 {[%emt 0:01:13]} 9. Rc1 {[%emt 0:01:25]} b6 {
[%emt 0:06:24]} 10. b4 {[%emt 0:01:42]} a5 {[%emt 0:09:25]} 11. b5 {[%emt 0:22:
50]} cxb5 {[%emt 0:02:25]} 12. cxb5 {[%emt 0:00:25]} Bb7 {[%emt 0:00:05]} 13.
Qb2 {[%emt 0:01:55]} Qe7 {[%emt 0:12:50]} 14. Nbd2 $146 {[%emt 0:03:08]} (14.
Rc7 Rab8 15. Qa3 Qxa3 16. Nxa3 Rfc8 17. Rac1 Ne8 18. Rxc8 Rxc8 19. Rxc8 Bxc8
20. Nd2 Bb7 21. f4 Nd6 22. Ndb1 Kf8 23. Nc3 Ke7 24. Kf2 Nf6 25. h3 Nfe8 26. e3
Nc7 27. g4 Bc8 28. Bf1 Bd7 29. Bd3 f5 30. gxf5 exf5 31. h4 g6 32. Kg2 Ke6 33.
Kf1 Be8 34. Ke2 Ke7 35. Ke1 Ke6 36. Ke2 Ke7 37. Ke1 Ke6 {1/2-1/2 (37) Atalik,S
(2592)-Shanava,K (2519) Kocaeli 2008}) 14... Rfc8 {[%emt 0:00:49]} 15. e3 {
[%emt 0:05:16]} h6 {[%emt 0:11:46]} 16. Rxc8+ {[%emt 0:04:43]} Rxc8 {[%emt 0:
01:01]} 17. Rc1 {[%emt 0:00:03]} Qf8 {[%emt 0:00:07]} 18. Rc3 {[%emt 0:11:58]}
Ne4 {[%emt 0:10:28]} 19. Rxc8 {[%emt 0:10:57]} Qxc8 {[%emt 0:02:49]} 20. Nb1 {
[%emt 0:00:15]} Ndf6 {[%emt 0:10:21]} 21. Nfd2 {[%emt 0:08:46]} Nxd2 {[%emt 0:
00:46]} 22. Nxd2 {[%emt 0:05:39]} Ne4 {[%emt 0:00:50]} 23. Nb1 {[%emt 0:04:16]}
h5 {[%emt 0:03:30]} 24. Bf1 {[%emt 0:04:56][%csl Gc6] The players kept trying
in an equal position that resulted from a Bogo-Indian. Bacrot had a minimal
edge in space because of his more advanced queenside pawns but by no means did
this grant him anything tangible. After trying to outplay Wang Hao somehow the
players agreed to a draw in move 40 after basically exhausting their resources.
} h4 {[%emt 0:14:48]} 25. Bd3 {[%emt 0:02:10]} hxg3 {[%emt 0:12:11]} 26. hxg3 {
[%emt 0:00:02]} Qc7 {[%emt 0:00:33]} 27. Kg2 {[%emt 0:04:46]} Nd6 {[%emt 0:00:
36]} 28. Qc3 {[%emt 0:01:31]} Qd7 {[%emt 0:01:35]} 29. a4 {[%emt 0:01:43]} e5 {
[%emt 0:00:49]} 30. Kg1 {[%emt 0:03:47]} e4 {[%emt 0:01:07]} 31. Be2 {[%emt 0:
02:43]} g6 {[%emt 0:02:45]} 32. Nd2 {[%emt 0:00:39]} Kg7 {[%emt 0:00:06]} 33.
Bd1 {[%emt 0:00:47]} f6 {[%emt 0:00:17]} 34. f4 {[%emt 0:02:54]} exf3 {[%emt 0:
02:01]} 35. Bxf3 {[%emt 0:00:02]} Nf7 {[%emt 0:00:33]} 36. Bg2 {[%emt 0:02:10]}
Ng5 {[%emt 0:00:15]} 37. Qc2 {[%emt 0:00:34]} Qe7 {[%emt 0:01:24]} 38. Kf2 {
[%emt 0:00:27]} Qd7 {[%emt 0:00:38]} 39. Kg1 {[%emt 0:00:17]} Qe7 {[%emt 0:00:
06]} 40. Kf2 {[%emt 0:00:00]} Qd7 {[%emt 0:00:00]} 1/2-1/2

[Event "Khanty-Mansiysk FIDE GP (Women)"]
[Site "Khanty-Mansiysk"]
[Date "2014.04.20"]
[Round "10"]
[White "Girya, Olga"]
[Black "Kosintseva, Tatiana"]
[Result "1-0"]
[WhiteElo "2450"]
[BlackElo "2496"]
[Annotator "ChessBase Website"]
[PlyCount "81"]
[EventDate "2014.04.09"]
[EventType "tourn"]
[EventRounds "11"]
[EventCountry "RUS"]
[EventCategory "10"]
[SourceTitle "CBM 160"]
[Source "ChessBase"]
[SourceDate "2014.05.15"]
[SourceVersion "1"]
[SourceVersionDate "2014.05.15"]
[SourceQuality "1"]
[TimeControl "40/5400+30:1800+30"]
[WhiteClock "1:30:00"]
[BlackClock "1:30:00"]

1. d4 {[%emt 0:00:00]} Nf6 {[%emt 0:00:00]} 2. c4 {[%emt 0:00:00]} e6 {[%emt 0:
00:00]} 3. Nf3 {[%emt 0:00:00]} Bb4+ {[%emt 0:00:00]} 4. Bd2 {[%emt 0:00:15]}
c5 {[%emt 0:00:14]} 5. Bxb4 {[%emt 0:00:56]} cxb4 {[%emt 0:00:05]} 6. e3 {
[%emt 0:00:23]} O-O {[%emt 0:00:54]} 7. Bd3 {[%emt 0:00:06]} d6 {[%emt 0:00:50]
} 8. O-O {[%emt 0:00:18]} Re8 {[%emt 0:00:53]} (8... Nc6 9. Nbd2 e5 10. d5 Ne7
11. a3 bxa3 12. Rxa3 Bg4 13. h3 Bh5 14. Be2 a5 15. Ne1 Bg6 16. Bd3 Nd7 17. Bxg6
hxg6 18. Nd3 Qc7 19. Qa4 Ra6 20. Rc1 Rc8 21. b4 axb4 22. Qxb4 Rxa3 23. Qxa3 f5
24. Qb4 b6 25. Ra1 g5 26. Qb5 e4 27. Nb4 Ne5 28. Ra6 Rb8 29. Ra2 Rc8 30. Ra6
Rb8 31. Ra2 Rc8 {1/2-1/2 (31) Dreev,A (2607)-Adams,M (2729) Moscow 2007}) 9.
Qc2 {[%emt 0:03:51]} h6 $146 {[%emt 0:11:52]} (9... a5 10. Nbd2 Nc6 11. Ng5 h6
12. Nge4 Nxe4 13. Bxe4 Bd7 14. Nf3 Rc8 15. b3 e5 16. dxe5 dxe5 17. Rad1 Qe7 18.
Qe2 Rcd8 19. Rd2 Bc8 20. Rfd1 Rxd2 21. Rxd2 f5 22. Bd5+ Kh7 23. Qd1 e4 24. Bxc6
bxc6 25. Nd4 Qf6 26. Ne2 Be6 27. Rd6 c5 28. Nf4 Qe5 29. h3 Bf7 30. Rd7 Kg8 31.
Ra7 Qf6 32. Qd7 Rd8 33. Qc7 Rd1+ 34. Kh2 Rd2 35. Ra8+ Kh7 36. Rf8 Rxf2 37. Rxf7
Qg5 38. Qe5 Rxa2 39. Rxf5 {Sachdev,T (2425)-Hou,Y (2578) Beijing 2008 1-0}) 10.
Rd1 {[%emt 0:04:01]} Qe7 {[%emt 0:04:23]} 11. Nbd2 {[%emt 0:03:32]} e5 {
[%emt 0:11:38]} 12. c5 {[%emt 0:20:03]} e4 {[%emt 0:21:13]} 13. cxd6 {[%emt 0:
02:49]} Qe6 {[%emt 0:04:30]} 14. Bc4 {[%emt 0:02:23]} Qxd6 {[%emt 0:01:04]} 15.
Ne5 {[%emt 0:00:58]} Be6 {[%emt 0:00:54]} 16. Nxe4 {[%emt 0:07:06]} Nxe4 {
[%emt 0:00:41]} 17. Qxe4 {[%emt 0:00:50]} Nd7 {[%emt 0:01:38]} 18. Bxe6 {
[%emt 0:09:44]} Qxe6 {[%emt 0:00:49]} 19. Qxb7 {[%emt 0:00:50]} Nxe5 {[%emt 0:
00:27]} 20. dxe5 {[%emt 0:00:02]} Qxe5 {[%emt 0:01:13]} 21. Rd4 {[%emt 0:01:59]
} a5 {[%emt 0:00:27]} 22. Rad1 {[%emt 0:11:32]} Rac8 {[%emt 0:02:47]} 23. Rd7 {
[%emt 0:06:11]} Qf6 {[%emt 0:12:03]} 24. R7d2 {[%emt 0:03:53]} Rc5 {[%emt 0:02:
30]} 25. h3 {[%emt 0:01:22]} Rg5 {[%emt 0:01:44]} 26. Qd7 {[%emt 0:02:16]} Rf8
{[%emt 0:01:22]} 27. Qb7 {[%emt 0:01:23]} Qe6 {[%emt 0:03:05]} 28. h4 {[%emt 0:
07:36]} Rg4 {[%emt 0:02:02]} 29. Qc7 {[%emt 0:00:51]} a4 {[%emt 0:03:54]} 30.
Rd8 {[%emt 0:02:55]} Rxd8 {[%emt 0:00:17]} 31. Rxd8+ {[%emt 0:00:37]} Kh7 {
[%emt 0:00:01]} 32. Qc2+ {[%emt 0:01:42]} f5 {[%emt 0:01:41]} 33. Rf8 {[%emt 0:
04:59]} Rxh4 {[%emt 0:07:48]} 34. Rxf5 {[%emt 0:00:16]} Qg6 {[%emt 0:01:30] A
beautiful tactical stroke in the opening gave Girya a winning advantage, with
an extra pawn and a powerful position. Her technique allowed her opponent back
into the game, and maybe Kosintseva could have found a stiffer defense to try
to hold the rook endgame down a pawn, but she didn't and Girya won a trivially
easy rook and pawn endgame.} (34... Rc4) 35. Rc5 {[%emt 0:00:57]} Qxc2 {
[%emt 0:01:59]} 36. Rxc2 {[%emt 0:00:01]} Kg6 {[%emt 0:00:50]} 37. Rc6+ {
[%emt 0:00:20]} Kf7 {[%emt 0:00:09]} 38. Ra6 {[%emt 0:00:21]} Rc4 {[%emt 0:00:
54]} 39. Rxa4 {[%emt 0:00:06]} Rc1+ {[%emt 0:00:27]} 40. Kh2 {[%emt 0:00:00]}
Rc2 {[%emt 0:00:00]} 41. Rxb4 {[%emt 0:00:06]} 1-0

[Event "EU-Cup 14th Group2"]
[Site "Bonnevoie"]
[Date "1998.09.13"]
[Round "3"]
[White "Golod, Vitali"]
[Black "Chuchelov, Vladimir"]
[Result "1/2-1/2"]
[WhiteElo "2555"]
[BlackElo "2540"]
[Annotator "Chuchelov,V"]
[PlyCount "90"]
[EventDate "1998.09.11"]
[EventType "team-k.o."]
[EventRounds "3"]
[EventCountry "LUX"]
[SourceTitle "EXT 2020"]
[Source "ChessBase"]
[SourceDate "2019.10.17"]
[SourceVersion "1"]
[SourceVersionDate "2019.10.17"]
[SourceQuality "1"]
[WhiteTeam "Beer-Sheva Chess Club"]
[BlackTeam "Eupen-Kelmis Rochade"]
[WhiteTeamCountry "ISR"]
[BlackTeamCountry "BEL"]

1. d4 Nf6 2. c4 e6 3. g3 Bb4+ 4. Bd2 Be7 5. Bg2 d5 6. Nf3 O-O 7. O-O c6 8. Qc2
b6 9. Bg5 Bb7 10. Nbd2 h6 $5 (10... Nbd7) 11. Bxf6 Bxf6 12. Rad1 Na6 (12... a5
$5 13. e4 Na6 14. a3 Rc8 15. Rfe1 Qc7 {=}) 13. a3 c5 (13... Rc8 14. b4 {+=})
14. cxd5 (14. dxc5 Nxc5 15. b4 $6 Nd7 16. cxd5 exd5 (16... Bxd5 17. e4 Rc8 18.
Qd3 Bc6 {=}) 17. Nb3 Rc8 18. Qb1 Re8 $132) 14... exd5 15. dxc5 Nxc5 (15... Rc8
$5 16. Ne4 (16. Nb3 Nxc5 17. Nbd4 {-15..Nc5} Ne4 18. Qd3 Re8) 16... bxc5 17.
Nxf6+ Qxf6) 16. Nb3 Qe7 (16... Rc8 17. Nbd4 (17. Bh3 Ne6 18. Qd2 Re8 19. Nbd4
Nxd4 20. Nxd4 Rc4 21. e3 Bxd4 22. exd4 Bc8 {=}) 17... Ne4 18. Qd3 Re8 19. Rc1
Qe7 {=}) 17. Nbd4 Rfe8 18. Rfe1 a5 $5 19. e3 (19. Nf5 Qf8 20. Ne3 Rad8 21. Ng4
Be7 22. Nd4 Ne4) 19... g6 20. Nb5 Red8 21. Nfd4 Kg7 22. Rc1 a4 (22... Rac8 23.
Na7 Rc7 24. Ndb5 Rcd7 25. Bh3 Ne6 26. Nd4 {+/-}) 23. Qb1 (23. Nc3 $5 Qd7 24.
Nce2 Ba6 25. Nf4 Bc4 26. h4 h5 27. Red1 Qe8 {~}) 23... Qd7 24. Bf1 $6 (24. Nc3
$142) 24... Ba6 25. Rc2 h5 26. Rd1 $6 (26. h4 $142 Re8 27. Rec1 Bxd4 28. Nxd4
Bxf1 29. Rxf1 Rac8 {=}) 26... h4 $36 27. b4 axb3 28. Nxb3 hxg3 29. hxg3 Bxb5 (
29... Ne4 30. N3d4 $1 (30. Nc7 $2 Bxf1 31. Rxd5 Qg4 $1 32. Qxf1 Nxg3 33. fxg3 (
33. Qg2 Rxd5 34. Nxd5 Qd1+) 33... Qxg3+ 34. Qg2 Qe1+ 35. Qf1 Qxe3+ 36. Qf2 Qxb3
37. Rb5 Qh3 {-+}) (30. Rc7 Qf5 31. Qc2 Rh8 {-+}) 30... Rh8 31. Bg2 {~}) 30.
Nxc5 bxc5 31. Qxb5 Qxb5 32. Bxb5 c4 33. a4 (33. e4 c3 34. Rxd5 Rxd5 35. exd5
Rxa3 36. d6 Ra5 $36) 33... c3 34. f4 (34. Kf1) 34... Rac8 35. Kf2 Rc5 36. Ke2
Rh8 37. Kd3 Rh3 38. Rg2 Kf8 39. Rb1 Ke7 40. a5 Rh8 41. a6 Rb8 42. a7 (42. Ra2
c2 43. Rxc2 Rcxb5 44. Rxb5 Rxb5 45. a7 Rb3+ 46. Ke2 Ra3 47. Rc7+ Kd6 48. Rxf7
Be7 49. Rg7 g5 {-+}) 42... Ra8 43. Ra2 Rc7 44. Rba1 c2 45. Rc1 Rcxa7 1/2-1/2